Statistics for Overwatch League Starting Rosters

Click here to take the quiz!

General Stats

  • This quiz has been taken 18 times
  • The average score is 79 of 181

Answer Stats

HintAnswer% Correct
Atlanta ReignGator
75%
London Spitfirebirdring
67%
Dallas FuelSeagull
67%
Vancouver TitansBumper
58%
Dallas Fuelcocco
58%
Dallas FuelCusta
58%
Atlanta ReignDACO
58%
Shanghai DragonsDiya
58%
Los Angeles ValiantFate
58%
Seoul DynastyFleta
58%
Boston UprisingGamsu
58%
London SpitfireGesture
58%
Vancouver TitansHaksal
58%
Houston OutlawsJake
58%
New York Excelsior | Washington JusticeJanus
58%
New York ExcelsiorMano
58%
Dallas FuelMickie
58%
San Francisco ShockNomy
58%
London SpitfireNUS
58%
Atlanta ReignPokpo
58%
London SpitfireProfit
58%
London SpitfireRascal
58%
Seoul Dynastyryujehong
58%
Vancouver TitansSeominsoo
58%
Guangzhou ChargeShu
58%
Vancouver TitansSLIME
58%
Los Angeles ValiantSpace
58%
San Francisco Shocksuper
58%
Dallas FuelTaimou
58%
Seoul Dynastytobi
58%
Vancouver TitansTwilight
58%
London SpitfireWOOHYAL
58%
Washington JusticeAdo
50%
Los Angeles ValiantAgilities
50%
Chengdu HuntersAmeng
50%
New York ExcelsiorArk
50%
San Francisco ShockBabyBay
50%
London SpitfireBdosin
50%
Los Angeles GladiatorsBischu
50%
Philadelphia FusionCarpe
50%
Guangzhou ChargeChara
50%
Dallas Fuelchipshajen
50%
London SpitfireCloser
50%
Houston OutlawsCoolmatt
50%
Washington JusticeCorey
50%
Dallas FuelEFFECT
50%
Guangzhou ChargeEileen
50%
Philadelphia FusionEqo
50%
London SpitfireFissure
50%
Philadelphia Fusionfragi
50%
London SpitfireFury
50%
Hangzhou SparkGodsB
50%
Hangzhou Sparkguxue
50%
Guangzhou ChargeHappy
50%
Dallas FuelHarryHook
50%
London Spitfire | Vancouver TitansHooreg
50%
Guangzhou Charge | Philadelphia FusionHOTBA
50%
Paris EternalHyP
50%
Hangzhou SparkiDK
50%
Chengdu HuntersJinMu
50%
Vancouver TitansJJaNu
50%
New York ExcelsiorJJonak
50%
Los Angeles ValiantKariV
50%
Boston UprisingKellex
50%
Atlanta ReignKodak
50%
Guangzhou ChargeKyb
50%
Chengdu HuntersLateYoung
50%
New York ExcelsiorLibero
50%
Houston OutlawsLiNkzr
50%
New York ExcelsiorMeko
50%
Seoul DynastyMiro
50%
Houston OutlawsMuma
50%
Toronto DefiantNeko
50%
Paris EternalNiCOgdh
50%
Hangzhou SparkNoSmite
50%
Philadelphia FusionPoko
50%
Hangzhou SparkRia
50%
Guangzhou ChargeRio
50%
Philadelphia FusionSADO
50%
Los Angeles GladiatorsShaz
50%
Los Angeles Valiant | Paris EternalSoOn
50%
Vancouver TitansStitch
50%
Washington JusticeStratus
50%
Boston UprisingStriker
50%
Florida MayhemTviQ
50%
Los Angeles ValiantuNKOE
50%
Chengdu HuntersYveltal
50%
Florida MayhemZebbosai
50%
Florida MayhemZuppeh
50%
Hangzhou SparkAdora
42%
Chengdu HuntersBaconjack
42%
Houston OutlawsBani
42%
Paris EternalBenBest
42%
Houston OutlawsBoink
42%
Seoul DynastyBunny
42%
Florida MayhemCWoosH
42%
Atlanta Reigndafran
42%
San Francisco ShockDanteh
42%
San Francisco ShockdhaK
42%
Boston UprisingDreamKazper
42%
Chengdu HuntersElsa
42%
Atlanta ReignErster
42%
Paris EternalFinnsi
42%
Shanghai DragonsFiveking
42%
London SpitfireHaGoPeun
42%
Los Angeles GladiatorsiRemiix
42%
Paris EternalKruise
42%
Hangzhou SparkKrystal
42%
Seoul DynastyKuKi
42%
Chengdu HuntersKyo
42%
Paris EternalLhCloudy
42%
Atlanta ReignMasaa
42%
Boston UprisingMistakes
42%
Seoul DynastyMunchkin
42%
Philadelphia FusionneptuNo
42%
Atlanta ReignNLaaeR
42%
Los Angeles ValiantNumlocked
42%
Guangzhou ChargeOnlyWish
42%
New York ExcelsiorPine
42%
Vancouver TitansRapel
42%
Shanghai DragonsRoshan
42%
New York ExcelsiorSaebyeolbe
42%
Paris Eternal | Philadelphia FusionShaDowBurn
42%
Los Angeles ValiantSilkthread
42%
San Francisco ShockSinatraa
42%
San Francisco ShockSleepy
42%
Houston OutlawsSpree
42%
Los Angeles GladiatorsSurefour
42%
Seoul DynastyxepheR
42%
Chengdu HuntersYangXiaoLong
42%
Philadelphia FusionBoombox
33%
Houston OutlawsClockwork
33%
Philadelphia FusionDayFly
33%
Los Angeles Valiant | Toronto Defiantenvy
33%
Washington JusticeFahzix
33%
Shanghai DragonsFreefeel
33%
Washington JusticeHyeonu
33%
San Francisco ShockIDDQD
33%
Philadelphia FusionJoemeister
33%
Florida MayhemManneten
33%
Houston OutlawsMendokusaii
33%
Guangzhou Chargenero
33%
Boston UprisingNotE
33%
Houston OutlawsRawkus
33%
Hangzhou SparkRevenge
33%
Guangzhou ChargeRise
33%
Boston UprisingSnow
33%
Toronto DefiantStellar
33%
Shanghai DragonsUndead
33%
Los Angeles ValiantVerbo
33%
Toronto DefiantYakpung
33%
Seoul Dynastyzunba
33%
Toronto DefiantAid
25%
Los Angeles Gladiators | Toronto DefiantAsher
25%
Seoul Dynasty | Washington JusticeGido
25%
Los Angeles GladiatorsHydration
25%
Toronto DefiantIvy
25%
Boston UprisingKalios
25%
Shanghai DragonsMG
25%
Washington JusticeSansam
25%
Philadelphia Fusionsnillo
25%
Seoul DynastyWekeed
25%
Shanghai DragonsXushu
25%
Shanghai DragonsAltering
17%
Los Angeles GladiatorsBigG00se
17%
Paris EternalDanye
17%
Chengdu HuntersGarry
17%
Los Angeles ValiantGrimreality
17%
Seoul DynastyEscA
8%
Hangzhou SparkBazzi
0%
Hangzhou SparkBeBe
0%
Florida MayhemLogix
0%
Dallas FuelxQc
0%

Score Distribution

Percentile by Number Answered

Percent of People with Each Score

Your Score History

You have not taken this quiz